|
|
|
|
| LEADER |
00914cam a2200325 i 4500 |
| 001 |
000045513 |
| 003 |
4697 |
| 005 |
20030227163807.0 |
| 008 |
010220|1996 vm 000 eng |
| 020 |
|
|
|a 0194371484 (pbk.)
|
| 040 |
|
|
|a IRC
|c IRC
|d IRC
|
| 041 |
0 |
|
|a eng
|
| 082 |
1 |
4 |
|a 418.0076
|b BA-L
|
| 100 |
1 |
|
|a Bachman, Lyle F.,
|d 1944-
|
| 245 |
0 |
0 |
|a Language testing in practice :
|b designing and developing useful language tests /
|c Lyle F. Bachman.
|
| 260 |
|
|
|a Oxford :
|b Oxford University Press,
|c 1996.
|
| 300 |
|
|
|a vi, 377p. :
|b ill.
|
| 630 |
0 |
4 |
|a Language.
|
| 650 |
0 |
4 |
|a Language and languages
|x Ability testing.
|
| 650 |
0 |
4 |
|a Language and languages
|x Examinations.
|
| OWN |
|
|
|a DUT
|
| 999 |
|
|
|a From the UDN01
|
| TYP |
|
|
|a Monograph
|
| TYP |
|
|
|a Printed language
|
| 980 |
|
|
|a Mạng thư viện Đại học Đà Nẵng
|